Logo CIB grande

Fundamentos de gestión de procesos de negocios (Registro nro. 237532)

Detalles MARC
000 -LEADER
campo de control de longitud fija 00695nam a2200241Ia 4500
005 - FECHA Y HORA DE LA ÚLTIMA TRANSACCIÓN
campo de control 20250425162836.0
008 - DATOS DE LONGITUD FIJA--INFORMACIÓN GENERAL
campo de control de longitud fija 250425s9999 xx 000 0 und d
020 ## - NÚMERO INTERNACIONAL ESTÁNDAR DEL LIBRO
Número Internacional Estándar del Libro 9789587921892
041 ## - CÓDIGO DE IDIOMA
Código de lengua del texto/banda sonora o título independiente spa
082 ## - NÚMERO DE LA CLASIFICACIÓN DECIMAL DEWEY
Número de clasificación 658.42
Iniciales del Autor DUM
010 ## - NÚMERO DE CONTROL DE LA BIBLIOTECA DEL CONGRESO
Número de control de LC 112364
100 ## - ENTRADA PRINCIPAL--NOMBRE DE PERSONA
Nombre de persona Dumas, Marlon
245 #0 - MENCIÓN DEL TÍTULO
Título Fundamentos de gestión de procesos de negocios
Mención de responsabilidad, etc. Marlon Dumas, Marcello La Rosa, Jan Mendling, Hajo A. Reijers
250 ## - MENCION DE EDICION
Mención de edición 2a ed.
260 ## - PUBLICACIÓN, DISTRIBUCIÓN, ETC.
Lugar de publicación, distribución, etc. Bogotá
Nombre del editor, distribuidor, etc. Ediciones de la U
Fecha de publicación, distribución, etc. 2020
300 ## - DESCRIPCIÓN FÍSICA
Extensión 616 páginas
650 ## - PUNTO DE ACCESO ADICIONAL DE MATERIA--TÉRMINO DE MATERIA
Término de materia o nombre geográfico como elemento de entrada Administración
650 ## - PUNTO DE ACCESO ADICIONAL DE MATERIA--TÉRMINO DE MATERIA
Término de materia o nombre geográfico como elemento de entrada Gestión de procesos de negocios
700 ## - ENTRADA AGREGADA--NOMBRE PERSONAL
Nombre de persona La Rosa, Marcello
700 ## - ENTRADA AGREGADA--NOMBRE PERSONAL
Nombre de persona Mendling, Jan
700 ## - ENTRADA AGREGADA--NOMBRE PERSONAL
Nombre de persona Reijers, Hajo A.
942 ## - ELEMENTOS DE ENTRADA SECUNDARIOS (KOHA)
Tipo de ítem Koha Libros
Existencias
Estatus retirado Estado de pérdida Fuente de la clasificación o esquema de estantería Estado de daño No para préstamo Biblioteca de origen Biblioteca actual Fecha de adquisición Coste, precio normal de compra Etiqueta RFID Total de préstamos Signatura topográfica completa Código de barras Visto por última vez Copia número Fecha de reemplazo Tipo de ítem Koha Nota pública forma de adquisición
    Clasificación Decimal Dewey     ESCUELA DE NEGOCIOS CENTRO DE INFORMACIÓN BIBLIOTECARIA 09/12/2022 40.00 0000000000000000035763   658.42 DUM 80748 08/08/2025 1 08/08/2025 Libros CIB Compra / Multilibro

Copyright 2025 ESPOL. Todos los derechos reservados.